Statistics for Highest Goalscorers in the Champions League From Spain

Click here to take the quiz!

General Stats

  • This quiz has been taken 96 times
  • The average score is 13 of 22

Answer Stats

#GoalsApps.YearsMain Team(s)Answer% Correct
720792007-'18Chelsea, LiverpoolFernando Torres
99%
1711421995-2011Real MadridRaúl González
99%
423722012-Juventus, Atlético MadridÁlvaro Morata
95%
1914472006-'08, 2010-'14Barcelona, ValenciaDavid Villa
89%
8201042004-'16, 2017-'18Arsenal, ChelseaCesc Fàbregas
86%
233931997-'08, 2009-'10Real Madrid, AS MonacoFernando Morientes
86%
18151372005-'21, 2022-Real Madrid, Paris Saint-GermainSergio Ramos
84%
15161282004-'05, 2007-'23Barcelona, Manchester UnitedGerard Piqué
75%
1316762008-'16, 2017-'18, 2019-'20Barcelona, ChelseaPedro Rodríguez
75%
2212562016-Real MadridMarco Asensio
71%
1117291986-1991Real MadridEmilio Butragueño
66%
1416971997-2010Real MadridGuti
56%
330891955-1970Real MadridPaco Gento
53%
919441995-'96, 1997-'03BarcelonaLuis Enrique
45%
1019571964-'70, 1972-'73, 1975-'77, 1978-'80Real MadridPirri
31%
1216232005-'06, 2007-'08, 2010-'13Valencia, Real MadridRoberto Soldado
31%
2012211966-'67, 1970-'71, 1973-'74Atlético MadridLuis Aragonés
28%
1615432000-2005Deportivo La CoruñaDiego Tristán
26%
522461972-'73, 1975-'81, 1986-'88Real MadridSantillana
25%
1715871999-2008Real Madrid, ValenciaIván Helguera
23%
621521962-'70, 1972-'73, 1975-'76Real MadridAmancio Amaro
18%
2112231958-'59, 1964-'66Inter Milan, Atlético MadridJoaquin Peiró
4%

Score Distribution

Percentile by Number Answered

Percent of People with Each Score

Your Score History

You have not taken this quiz